<?xml version="1.0" encoding="UTF-8"?>
<record
    xmlns:xsi="http://www.w3.org/2001/XMLSchema-instance"
    xsi:schemaLocation="http://www.loc.gov/MARC21/slim http://www.loc.gov/standards/marcxml/schema/MARC21slim.xsd"
    xmlns="http://www.loc.gov/MARC21/slim">

  <leader>00848caa a22001812a 4500</leader>
  <controlfield tag="001">  017179</controlfield>
  <controlfield tag="003">  AR-FADEU</controlfield>
  <controlfield tag="008">  311216n########xxu####################dd</controlfield>
  <datafield tag="092" ind1=" " ind2=" ">
    <subfield code="a">301</subfield>
    <subfield code="b">B751</subfield>
  </datafield>
  <datafield tag="100" ind1=" " ind2=" ">
    <subfield code="a">Moore, Wilbert E.</subfield>
  </datafield>
  <datafield tag="245" ind1=" " ind2=" ">
    <subfield code="a">Funcionalismo</subfield>
  </datafield>
  <datafield tag="300" ind1=" " ind2=" ">
    <subfield code="a">PP. 364-411</subfield>
  </datafield>
  <datafield tag="500" ind1=" " ind2=" ">
    <subfield code="a">En: Historia del an&#xE1;lisis sociol&#xF3;gico / comp. Tom B. Bottomore. Buenos Aires : Amorrortu, 1988</subfield>
  </datafield>
  <datafield tag="942" ind1=" " ind2=" ">
    <subfield code="c">BDGR</subfield>
  </datafield>
  <datafield tag="999" ind1=" " ind2=" ">
    <subfield code="c">22929</subfield>
    <subfield code="d">22929</subfield>
  </datafield>
  <datafield tag="773" ind1="0" ind2=" ">
    <subfield code="0">21438</subfield>
    <subfield code="9">21265</subfield>
    <subfield code="a">Lorenzano, Pablo</subfield>
    <subfield code="b"></subfield>
    <subfield code="d">Quilmes</subfield>
    <subfield code="o">16818</subfield>
    <subfield code="t">Filosof&#xED;a e historia de la ciencia en el cono sur</subfield>
    <subfield code="w">(  AR-FADEU)  015680</subfield>
    <subfield code="x"></subfield>
    <subfield code="z"></subfield>
  </datafield>
  <datafield tag="773" ind1="0" ind2=" ">
    <subfield code="0">8882</subfield>
    <subfield code="9">7563</subfield>
    <subfield code="a">Bottomore, Tom, comp.</subfield>
    <subfield code="b"></subfield>
    <subfield code="d">Buenos Aires</subfield>
    <subfield code="o">4920</subfield>
    <subfield code="t">Historia del an&#xE1;lisis sociol&#xF3;gico</subfield>
    <subfield code="w">(  AR-FADEU)  003050</subfield>
    <subfield code="x"></subfield>
    <subfield code="z">950-518-169-8</subfield>
  </datafield>
  <datafield tag="773" ind1="0" ind2=" ">
    <subfield code="0">29660</subfield>
    <subfield code="9">28803</subfield>
    <subfield code="a">Bottomore, Tom, comp.</subfield>
    <subfield code="b"></subfield>
    <subfield code="d">Buenos Aires</subfield>
    <subfield code="o">20919</subfield>
    <subfield code="t">Historia del an&#xE1;lisis sociol&#xF3;gico</subfield>
    <subfield code="w">(  AR-FADEU)  023970</subfield>
    <subfield code="x"></subfield>
    <subfield code="z">950-518-169-8</subfield>
  </datafield>
</record>
